000
00413nam a2200145Ia 4500
008
090122s9999 xx 000 0 und d
082
_b
7414
_a
891.463
100
_a
कदम
_b
बाबा
245
_a
इस्टेट मॅनेजर
600
_a
कदम
630
_a
इस्टेट मॅनेजर
700
_a
कदम
730
_a
इस्टेट मॅनेजर
942
_c
BOOK
999
_c
31491
_d
31491